000
00298nam a2200097Ia 4500
008
220204s9999 xx 000 0 und d
082
_a
331:631.96(047)
_b
IND
245
0
_a
Conclusions of the industrial committee on plantations 1947-1961
260
_a
Delhi
_b
Manager of Publications
_c
1967
942
_c
BK
999
_c
22019
_d
22019